Empirische Allgemeine Gleichgewichts-Modelle Struktur und Anwendungsmöglichkeiten

Salvato in:
Dettagli Bibliografici
Natura: Libro
Lingua:tedesco
Pubblicazione: Kiel Institut für Weltwirtschaft 1993
Edizione:1. Aufl.
Serie:Arbeitspapier Nr.595
Soggetti:
Tags: Aggiungi Tag
Nessun Tag, puoi essere il primo ad aggiungerne!!

MARC

LEADER 00000nam a2200000 4500
001 c005196
005 20221206074413.6
041 0 |a ger 
044 |a DE 
245 1 0 |a Empirische Allgemeine Gleichgewichts-Modelle Struktur und Anwendungsmöglichkeiten 
250 |a 1. Aufl. 
264 1 |a Kiel  |b Institut für Weltwirtschaft  |c 1993 
300 |a 43 s. 
490 1 |a Arbeitspapier  |v Nr.595 
830 0 |a Arbeitspapier  |v Nr.595 
610 2 0 |a Nemecko 
610 2 0 |a modely rovnováhy 
610 2 0 |a modely dynamické 
610 2 0 |a hospodárstvo svetové 
610 2 0 |a politika hospodárska 
610 2 0 |a GREEN 
610 2 0 |a akumulácia kapitálu 
610 2 0 |a zdroje finančné 
610 2 0 |a investície 
610 2 0 |a spotreba 
610 2 0 |a úspory 
610 2 0 |a rozhodovanie 
610 2 0 |a 1993